LEADER 01076nam a2200217 i 4500 001 000000235784 003 CaOOAMICUS 005 20250610103152.0 008 141114s1752 xx u000 u lat u 013 $a214688 026 $as.la I.mi s,e- nipr (3) 1752 (R) 040 $aSeMil$bita 245 10$aTomus 4. 300 $a[2], IX, [1], 768 [i.e. 784] p. 500 $aSegn.: pg1 *-2*2 3*2(-3*2) A-4Z2 1*4Z-*4Z2 5A-9H2 500 $aRipetute quattro volte le p. 365-368, in corrispondenza dei fasc. 1*4Z-4*4Z2 773 0 $tNovus thesaurus juris civilis et canonici, continens varia et rarissima optimorum interpretum, in primis Hispanorum et Gallorum, opera, tam edita antehac, quam inedita, in quibus utrumque jus emendatur, explicatur, atque ... Ex collectione et museo Gerardi Meerman, ... Tomus 1. [-7. et ultimus].$dHagae-Comitum : Apud Petrum De Hondt, 1751-1753.$g4$w()30964 850 $aSeMil 852 $aSeMil$W1$xVenegono$y1$m2J VIII 4 FA$j186130$B186130$CSeMilBibl$Z2$F196975 $8I 996 $6245$aTomus 4$9(OLS)http://semarc/title/151236 LEADER 00582nab a2200157 i 4500 001 000000306228 003 CaOOAMICUS 005 20180831172853.0 008 180831n xx uu u0 0pol r 013 $a14641 040 $aSeMil$bita 245 10$aBibliografia prac Wladyslawa Panasa, 1970-2006. 700 1 $aPanas, Zestawil Pawel.$0(OLS)http://semarc/name/87489 700 1 $aPanas, Wladyslaw Ludwik <1947-2005>.$0(OLS)http://semarc/name/63999 773 0 $t[vedi periodico].$gp.[341]-349$w()268540 996 $6245$aBibliografia prac Wladyslawa Panasa, 1970-2006.$9(OLS)http://semarc/title/381651